000 00672nam a22002177a 4500
003 UA-OsUOA
001 101634
007 ta
008 20130704b un ||||| |||| 00| 0 ukr d
100 _aКвасницька Р.С.
090 _a330(477)
_bК32
942 _cSA
040 _aUA-OsUOA
_bukr
_cUA-OsUOA
_dUA-OsUOA
245 _aЕкономічні закони та принципи функціонування фінансового ринку
300 _aС.3-7
955 _a0
041 _aukr
080 _a330(477)
773 0 _w101633
_tЕкономіка. Фінанси. Право.
_dК.
_d2013
_g5
650 7 _a330 Економіка взагалі
_2UDC
999 _c387803
_d387803